Music Quiz

Random Music or Billboard Quiz

Intact March Billboard #1s Quiz Stats

 Plays Quiz Updated Mar 17, 2020

Support Sporcle.
Go Orange.
Score 0/16 Timer 05:00
0 Plays Today
Single Artist % Correct
Billie JeanMichael Jackson
96.6%
Uptown FunkMark Ronson feat. Bruno Mars
89.9%
Born This WayLady Gaga
89.6%
Shape of YouEd Sheeran
77.8%
WorkRihanna feat. Drake
73%
Bridge over Troubled WaterSimon & Garfunkel
71.9%
Yeah!Usher featuring Lil Jon and Ludacris
69.3%
God's PlanDrake
64%
Single Artist % Correct
Candy Shop50 Cent featuring Olivia
60.3%
Right RoundFlo Rida
51.4%
Take a BowMadonna
44.2%
The BoxRoddy Ricch
20.2%
Harlem ShakeBaauer
15.6%
VenusFrankie Avalon
15.3%
Ballad of the Green BeretsSSgt. Barry Sadler
13.8%
Theme from 'A Summer Place'Percy Faith and His Orchestra
12.5%

From the Vault

20 Terrible Animated Adaptations

by johnnytaken

Taking something popular and turning it into an animated show can have some very strange consequences.
Remove Ads.
Support Sporcle.
Get the best of Sporcle when you Go Orange. This ad-free experience offers more features, more stats, and more fun while also helping to support Sporcle. Thank you for becoming a member.

Show Comments

Extras

Top Quizzes Today


Score Distribution

Your Account Isn't Verified!

In order to create a playlist on Sporcle, you need to verify the email address you used during registration. Go to your Sporcle Settings to finish the process.

Report this User

Report this user for behavior that violates our Community Guidelines.

Details: